Ralph Nader presents more action for a change /

Bibliographic Details
Main Author: Griffin, Kelley
Format: Book
Language:English
Published: New York : Dembner Books : [1987]
Subjects:

MARC

Tag First Indicator Second Indicator Subfields
LEADER 00000cam a2200000 a 4500
001 in00000013704
005 20151007052418.0
008 861105s1987 nyu 00110 eng
010 |a  86029138  
020 |a 0934878625 :  |c $16.95 
020 |a 0934878633 (pbk.) :  |c $8.95 
035 |a (OCoLC)14818363 
035 |9 AAA7672AM 
040 |a DLC  |c DLC  |d UtOrBLW 
043 |a n-us--- 
049 |a TXAM  |c [A11486266] 
050 0 0 |a JK1764  |b .G75 1987 
082 0 |a 323/.042/0973  |2 19 
100 1 |a Griffin, Kelley. 
245 1 0 |a Ralph Nader presents more action for a change /  |c Kelley Griffin. 
264 1 |a New York :  |b Dembner Books :  |c [1987] 
264 2 |a New York :  |b Distributed by Norton, 
264 4 |c ©1987 
300 |a xxix, 226 pages ;  |c 22 cm. 
336 |a text  |b txt  |2 rdacontent 
337 |a unmediated  |b n  |2 rdamedia 
338 |a volume  |b nc  |2 rdacarrier 
500 |a Includes index. 
650 0 |a Political participation  |z United States. 
650 0 |a Lobbying  |z United States. 
650 0 |a Public interest  |z United States. 
600 1 0 |a Nader, Ralph. 
650 0 |a College students  |x Political activity  |z United States. 
740 0 |a More action for a change. 
999 |a MARS 
999 f f |s 7d50a25b-6171-332e-a38d-3f5d1413b345  |i 57df50f1-0446-3c12-9696-76eb06230bf7  |t 0 
952 f f |p ric  |a Texas A&M University  |b Rellis Campus  |c Joint Library Facility  |d Remote Storage  |t 0  |e JK1764 .G75 1987  |h Library of Congress classification  |i unmediated -- volume  |m A14811486266 
998 f f |a JK1764 .G75 1987  |t 0  |l Remote Storage